|
|
|
|
| LEADER |
00000nam a2200000 a 4500 |
| 001 |
vtls010431742 |
| 003 |
SK-MaSNL |
| 005 |
20260301144111.0 |
| 008 |
210928s1963 xr bl g 000 0 cze |
| 020 |
|
|
|q (brož.)
|
| 040 |
|
|
|a SNK
|b slo
|c SNK
|e AACR2
|
| 041 |
0 |
|
|a cze
|
| 043 |
|
|
|a e-xr---
|
| 044 |
|
|
|a xr
|c CZ
|
| 072 |
|
7 |
|a 656.1/.5
|x Pozemná doprava
|2 konspekt
|
| 080 |
|
|
|a 656.13
|2 2001
|
| 080 |
|
|
|a 629.341
|2 2001
|
| 080 |
|
|
|a (083.81)656
|2 2001
|
| 245 |
0 |
0 |
|a ČSAD - Jízdní řád autobusových tratí
|b Západočeský kraj : platí od 26. května 1963 do 30. května 1964
|
| 260 |
|
|
|a Praha
|b Ministerstvo dopravy, odbor silniční dopravy a silnic
|c [1963]
|
| 300 |
|
|
|a 368 s.
|b tab.
|c 18 cm
|e 1 mp.
|
| 500 |
|
|
|a Vysvetl., skrat.
|
| 650 |
0 |
7 |
|a automobilová doprava
|2 SNKPH
|9 67606
|
| 650 |
0 |
7 |
|a autobusy
|2 SNKPH
|9 17022
|
| 651 |
|
7 |
|a Západočeský kraj (Česko)
|2 SNKPH
|9 74910
|
| 655 |
|
7 |
|a cestovné poriadky
|2 SNKPH
|9 70718
|
| 958 |
|
|
|a OND
|
| 999 |
|
|
|c 775985
|d 777915
|
| 952 |
|
|
|a SNK
|b SNK
|y VYP
|7 0
|p 17A0888256
|o snkID 33940
|i snkKIP 5007/63
|3 Príloha: 1 mapa
|0 0
|1 0
|4 0
|d 2012-06-22
|l 0
|r 2026-02-24 00:49:16
|w 2026-02-24
|
| 952 |
|
|
|a SNK
|b SNK
|y VYP
|7 0
|p 17A0889317
|o snkID 33940/príl.
|i snkKIP 5007/63
|3 Príloha: 1 mapa
|z Príloha
|0 0
|1 0
|4 0
|d 2012-06-22
|l 0
|r 2026-02-24 00:49:16
|w 2026-02-24
|